000 00611nam a22002177a 4500
003 UA-OsUOA
001 45026
007 ta
008 20070321b un ||||| |||| 00| 0 ukr d
100 _aСошанський В.
090 _a32
_bС-11
942 _cSA
040 _aUA-OsUOA
_bukr
_cUA-OsUOA
_dUA-OsUOA
245 _aПівнічноатлантичний альянс як мірило української державності
300 _aС.2
955 _a0
041 _aukr
080 _a32
773 0 _w45025
_tУкраїна- business
_dК.
_d2007
_g10
650 7 _a32 Політика
_2UDC
999 _c331140
_d331140